Older - Gracie Abrams - Statistics

General Stats
  • This quiz has been taken 32 times
  • The average score is 127 of 157
Answer Stats
Hint Answer % Correct
Chorus 1 I
100%
me
100%
older
100%
so
100%
we
100%
a
94%
cold
94%
the
94%
to
94%
when
94%
you
94%
Chorus 2 | Outro You
94%
and
88%
in
88%
it
88%
just
88%
my
88%
that
88%
they
88%
all
82%
at
82%
but
82%
for
82%
got
82%
guess
82%
happened
82%
i'm
82%
out
82%
went
82%
were
82%
weren't
82%
am
76%
arms
76%
be
76%
crossfire
76%
fell
76%
good
76%
into
76%
know
76%
look
76%
now
76%
of
76%
page
76%
Verse 1 Pinch
76%
quiet
76%
same
76%
stopped
76%
'til
76%
tired
76%
too
76%
tore
76%
waving
76%
working
76%
almost
71%
back
71%
blame
71%
caring
71%
draining
71%
flag
71%
hours
71%
let
71%
like
71%
lot
71%
mistakes
71%
or
71%
over
71%
spent
71%
thing
71%
tiptoeing
71%
won't
71%
you're
71%
again
65%
better
65%
break
65%
breathe
65%
could
65%
cracks
65%
dropped
65%
each
65%
holding
65%
left
65%
letting
65%
never
65%
new
65%
other
65%
quite
65%
room
65%
small
65%
taking
65%
talk
65%
awake
59%
felt
59%
Verse 2 Humor
59%
caught
53%
hours
47%
No matching quizzes found
Score Distribution
Percent of People with Each Score
Percentile by Number Answered
Your Score History
You have not taken this quiz